Odpisovanie dlhodobého majetku podľa legislatívy účtovníctva v SR v porovnaní s IFRS diplomová práca

Gespeichert in:
Bibliographische Detailangaben
1. Verfasser: Stanková, Denisa
Körperschaft: Podnikovohospodárska fakulta EU so sídlom v Košiciach. Katedra finančného riadenia podniku
Weitere Verfasser: Manová, Eva, 1957-
Format: Buch
Sprache:Slowakisch
Veröffentlicht: Košice 2020
Tags: Tag hinzufügen
Keine Tags, Fügen Sie das erste Tag hinzu!

MARC

LEADER 00000nbm a2200000 4500
001 0265278
005 20201208111003.5
041 0 |a slo 
044 |a SK 
245 1 0 |a Odpisovanie dlhodobého majetku podľa legislatívy účtovníctva v SR v porovnaní s IFRS  |b diplomová práca  |c Denisa Stanková ; školiteľ: Eva Manová 
264 1 |a Košice  |c 2020 
300 |a 77 s. 
100 1 |a Stanková, Denisa 
700 1 |a Manová, Eva, 1957- 
710 2 |a Podnikovohospodárska fakulta EU so sídlom v Košiciach. Katedra finančného riadenia podniku